MDQL
is popping MORE tags! Check the
thread
!
Quizzes
Events
Quiz Creation
Community
Videos
Private Events
Remove Ads
Sign In
Join for FREE
Feedback
Dark Mode
Quiz Categories
Sports
Geography
Music
Movies
Television
Just For Fun
Miscellaneous
History
Literature
Language
Science
Gaming
Entertainment
Religion
Holiday
For Kids
Quiz Lab
Recent
Popular Today
Quiz Kudos Today
Editor Picks
Curator Picks
Quizzes by...
Day
Popularity
Type
Ratings
Length
Year
Community
Subscriptions
Recent Discussions
Orange Saloon
Badges
Playlists
Quests
Create
Leaderboards
Showdown
Live 5
Trivia Bingo
Activity
Puzzle Library
Sporcle Events
Private Events
Virtual Trivia
Globe League
Become a Host
Pub Owners
SporcleCon
Opinionation
Our Games
Videos
Blog
Mobile Apps
Partnerships
Remove Ads and Go Orange
Feedback
Sports
Athletes
MLB
NBA
NHL
NFL
Soccer
Sports Teams
WWE
NCAA
Football
Premier League
Basketball
Baseball
Hockey
Golf
Tennis
Cricket
Rugby
Auto Racing
Olympics
World Cup
Sports
Athletes
MLB
NBA
NHL
NFL
Soccer
Sports Teams
WWE
NCAA
Football
Premier League
Basketball
Baseball
Hockey
Golf
Tennis
Cricket
Rugby
Auto Racing
Olympics
World Cup
Random Quiz
Search Sporcle
×
Quiz Lab
Quiz Lab
Sports
NFL
Type in answers that appear in a list
Type in answers that appear in a list
Classic
Best Score? Go Orange.
NFL Coaching Playoffs Wins (2010s) Stats
Can you name the NFL coaches who have recorded a playoff win in the 2010s
By
commiesmasher
6m
31 Questions
709 Plays
709 Plays
709 Plays
Comments
Comments
Give Quiz Kudos
Give Quiz Kudos
-
- Ratings
hide this ad
Replay
Link that replays current quiz
Next Quiz
Link to next quiz in quiz playlist
You Got
0%
They Got
Avg Score
65%
Avg Friend Score
Upgrade to see
Score Distribution
Jump to the score distribution portion of the page
Score
0/31
Timer
06:00
0
Plays Today
Wins (Coach)
Coach
% Correct
7 (Ravens)
John Harbaugh
97.9%
5 (49ers)
Jim Harbaugh
97.9%
10 (Seahawks)
Pete Carroll
97.7%
16 (Patriots)
Bill Belichick
97%
9 (Packers)
Mike McCarthy
95.8%
5 (Steelers)
Mike Tomlin
95%
4 (Saints)
Sean Payton
93.8%
4 (Giants)
Tom Coughlin
92.9%
5 (Chiefs)
Andy Reid
92.8%
3 (Panthers)
Ron Rivera
92.3%
2 (Cowboys)
Jason Garrett
91.6%
4 (Eagles)
Doug Pederson
91.6%
2 (Jets)
Rex Ryan
90.9%
2 (Titans)
Mike Vrabel
88.8%
2 (Rams)
Sean McVay
88.3%
2 (49ers)
Kyle Shanahan
87.8%
Wins (Coach)
Coach
% Correct
3 (Broncos)
John Fox
87.6%
5 (Texans, Broncos)
Gary Kubiak
87.6%
1 (Packers)
Matt LaFleur
86.7%
3 (Falcons)
Dan Quinn
86.1%
1 (Falcons)
Mike Smith
86%
1 (Bears)
Lovie Smith
85.9%
1 (Cardinals)
Bruce Arians
85.4%
2 (Texans)
Bill O'Brien
84.7%
3 (Colts)
Chuck Pagano
81.6%
2 (Vikings)
Mike Zimmer
78.2%
1 (Chargers)
Anthony Lynn
77.5%
1 (Colts)
Frank Reich
77.2%
2 (Jaguars)
Doug Marrone
75.3%
1 (Titans)
Mike Mularkey
58.3%
1 (Chargers)
Mike McCoy
57.6%
Quiz Playlist
Details
Report
Send in Message
Add To Playlist
Classic:
Type in answers that appear in a list
Last Updated: Feb 16, 2017
Quiz Scoreboard
CHALLENGE
Sign Up to Join the Scoreboard
Show All
Scores
Hide
Comments
May contain spoilers
Recently Published
1-10 Letter E Words III
by El_Dandy
Language
2m
Street Fighter Characters
by Artimus82
Gaming
60s
College Basketball Coaching Resumes
by pancakes188
Sports
9m
More to Explore
Quiz From the Vault
Featured Blog Post
Where Did the Easter Bunny Come From?
hide this ad
You Might Also Like...
Tags
NFL Quiz
2010
coach
Playoff
Recorded
Win
Today's Top Quizzes in Sports
Browse Sports
hide this ad
Today's Top Quizzes in NFL
Browse NFL
Top Contributed Quizzes in Sports
1
2022 World Cup Stars
2
Les meilleurs buteurs des matchs entre le PSG et l’OM
3
FIFA Club World Cup Champions
4
Les entraîneurs de l'OM et du PSG au 21e siècle
5
Criteria MLB: Left Handed Sluggers
6
2023 MLB Unique Player Accomplishments
7
AFC Teams Reveal (Wrong Answers Minefield)
8
Players with Multiple 50 Home Run Seasons
9
5-to-1: FBS Animal Nicknames
10
5-to-1: UK Sports Teams
Explore More
Trending Topics
Harry Potter
Kpop
Crossword
Disney
Anime
Marvel
NBA
WWE
The Office
Country
Soccer
Pokémon
NFL
Puzzle
Song
hide this ad
More By:
commiesmasher
Quiz
Plays
Rating
Category
Featured
Created
NBA Teams' Last MVP
125,296
4.60
Sports
Feb 22, 2016
NFL Teams' Last MVP
92,093
4.52
Sports
Dec 29, 2015
NFL QB Playoff Wins (2010s)
61,779
4.73
Sports
Aug 19, 2015
NFL Playoff Coaches (2010s)
25,069
4.73
Sports
Jan 13, 2018
State Quiz: New Jersey
11,551
4.39
Geography
Mar 20, 2010
Go to Creator's Profile
Score Distribution
Quiz Creator Spotlight
commiesmasher
Follow
Send a Message
Quizzes Created
-
Created Quiz Play Count
-
More By This Creator
Popular Quizzes Today
1
Find the US States - No Outlines Minefield
2
Find the Countries of Europe - No Outlines Minefield
3
The Countries of the World
4
Find the US States
5
Risky Map Clicking: Biggest States A-Z
6
US States
7
Popular People in 1961
8
Movies - When Are They Set?
More Sports Quizzes
Big Five Top Scorers 1992-1993
Quiz Lab
Trending Quizzes
Risky Map Clicking: Least Populous States A-Z
Billboard Blitz: Aretha Franklin
Famous Russians: Author or Composer?
Countries of the World: 200 Million BC
1-10 Letter G Words
Recently Updated
Leaping Animals
pecheneg
Reality TV Shows (A-Z)
bhenderson79
Rickey Henderson's Hall of Fame Teammates
pecheneg
Champions League XIs: Arsenal
pecheneg
Quick Pick: Celebrities in WWE's Hall of Fame
aduchscher
A-Z Keypad Blitz II
pecheneg
Multiple Oscar Actors
pecheneg
Mystery Phrase Blitz: Oscar 'Best Actors'
pecheneg
F. Scott Fitzgerald Novels
LTH
Pick 3 Villains
ddd62291
Trending Topics
Harry Potter
Disney
Anime
NBA
Kpop
Crossword
Marvel
Song
Pokémon
Soccer
The Office
Country
WWE
NFL
Puzzle
Your Account Isn't Verified!
In order to create a playlist on Sporcle, you need to verify the email address you used during registration. Go to your
Sporcle Settings
to finish the process.
Report this User
Report this user for behavior that violates our
Community Guidelines
.
Details:
Send Report
Go to the Sporcle.com Mobile Site →
Comments